| 000 | 00587nam a2200181Ia 4500 | ||
|---|---|---|---|
| 003 | GCL | ||
| 008 | 140319s9999 xx 000 0 ara d | ||
| 040 |
_aGCL / _cGCL |
||
| 082 | 0 | 4 |
_a923.7 _bع ا |
| 100 | 1 | _aعبدالغنى قاسم غالب الشرجى | |
| 245 | 1 | 0 |
_aالامام الشوكانى: حياتة وفكره / _cعبدالغنى قاسم غالب الشرجى |
| 300 | _a687 ص | ||
| 490 | _a | ||
| 650 | 0 | 4 | _aالتعليم - تاريخ |
| 650 | 0 | 4 | _aالتعليم - تراجم |
| 650 | 0 | 4 | _aالشوكانى, محمد بن على بن محمد |
| 942 |
_2ddc _cBK |
||
| 999 |
_c38806 _d38806 |
||